Economic development/ (Record no. 12280)
[ view plain ]
| 000 -LEADER | |
|---|---|
| fixed length control field | 00572nam a22001937a 4500 |
| 005 - DATE AND TIME OF LATEST TRANSACTION | |
| control field | 20250916093932.0 |
| 008 - FIXED-LENGTH DATA ELEMENTS--GENERAL INFORMATION | |
| fixed length control field | 250916b |||||||| |||| 00| 0 eng d |
| 020 ## - INTERNATIONAL STANDARD BOOK NUMBER | |
| International Standard Book Number | 9788198692856 |
| 040 ## - CATALOGING SOURCE | |
| Original cataloging agency | IN-DiNC |
| Transcribing agency | IN-DiNC |
| 041 ## - LANGUAGE CODE | |
| Language code of sung or spoken text | English |
| 082 ## - DEWEY DECIMAL CLASSIFICATION NUMBER | |
| Classification number | 338.9 |
| Item number | AHM |
| 100 ## - MAIN ENTRY--PERSONAL NAME | |
| Personal name | Ahmed, Rofique |
| Relator term | Author |
| 245 ## - TITLE STATEMENT | |
| Title | Economic development/ |
| Statement of responsibility, etc. | by Rofique Ahmed and Alena Begum |
| 260 ## - PUBLICATION, DISTRIBUTION, ETC. | |
| Place of publication, distribution, etc. | Jorhat: |
| Name of publisher, distributor, etc. | North East institute of research consultancy and publication, |
| Date of publication, distribution, etc. | 2025. |
| 300 ## - PHYSICAL DESCRIPTION | |
| Extent | 432p. |
| 650 ## - SUBJECT ADDED ENTRY--TOPICAL TERM | |
| Topical term or geographic name entry element | Economic development |
| 700 ## - ADDED ENTRY--PERSONAL NAME | |
| Personal name | Begum, Alena |
| Relator term | Author |
| 942 ## - ADDED ENTRY ELEMENTS (KOHA) | |
| Source of classification or shelving scheme | Dewey Decimal Classification |
| Koha item type | Books |
| Withdrawn status | Lost status | Source of classification or shelving scheme | Damaged status | Not for loan | Collection code | Home library | Current library | Shelving location | Date acquired | Cost, normal purchase price | Total Checkouts | Full call number | Barcode | Date last seen | Date last checked out | Copy number | Price effective from | Koha item type |
|---|---|---|---|---|---|---|---|---|---|---|---|---|---|---|---|---|---|---|
| Dewey Decimal Classification | Economics | Naharkatiya College Library | Naharkatiya College Library | General Stacks | 16/09/2025 | 550.00 | 1 | 338.9 AHM | 30913 | 15/11/2025 | 27/09/2025 | 1 | 16/09/2025 | Books | ||||
| Dewey Decimal Classification | Economics | Naharkatiya College Library | Naharkatiya College Library | General Stacks | 16/09/2025 | 550.00 | 2 | 338.9 AHM | 30914 | 29/11/2025 | 15/11/2025 | 2 | 16/09/2025 | Books | ||||
| Dewey Decimal Classification | Economics | Naharkatiya College Library | Naharkatiya College Library | General Stacks | 16/09/2025 | 550.00 | 1 | 338.9 AHM | 30915 | 17/11/2025 | 27/09/2025 | 3 | 16/09/2025 | Books |
